Deutsche Sprichwörter - Statistiken

Allgemein
  • Dieses Quiz wurde 1.491 mal gespielt
  • Das Durchschnittsergebnis liegt bei 11 aus 15
Antwortstatistiken
Frage Antwort % Korrekt
Wenn zwei sich streiten, freut sich der Dritte
98%
Lange Rede, kurzer Sinn
97%
Reden ist Silber, Schweigen ist Gold
96%
Wer zuletzt lacht, lacht am Besten
94%
Wer schön sein will muss leiden
90%
Einem geschenkten Gaul, schaut man nicht ins Maul
90%
Wer nicht wagt, der nicht gewinnt
89%
Pech im Spiel Glück in der Liebe
89%
Aus den Augen, aus dem Sinn
86%
Morgenstund, hat Gold im Mund
85%
Lieber den Spatz in der Hand, als die Taube auf dem Dach
63%
Wo gehobelt wird, fallen Späne
55%
Was der Bauer nicht kennt, frisst er nicht
53%
Man muss das Eisen schmieden, solange es heiß ist
24%
Das Gras wächst nicht schneller, wenn man daran zieht
10%
Keine übereinstimmenden Quizze gefunden
Verteilung der Resultate
Anzahl Personen mit jedem Resultat
Perzentil nach korrekt beantworteten Fragen
Ihre Resultats-Entwicklung
Sie haben dieses Quiz noch nicht gespielt